En avant la zizique... : et par ici les gros sous
Αποθηκεύτηκε σε:
| Κύριος συγγραφέας: | |
|---|---|
| Μορφή: | Βιβλίο |
| Γλώσσα: | French |
| Δημοσίευση: |
Paris :
Pauvert,
1966.
|
| Θέματα: | |
| Ετικέτες: |
Προσθήκη ετικέτας
Δεν υπάρχουν, Καταχωρήστε ετικέτα πρώτοι!
|
MARC
| LEADER | 00000cam a2200000 i 4500 | ||
|---|---|---|---|
| 001 | 1/549 | ||
| 008 | 000404s1966 fr | ||| |||| ||fre|| | ||
| 020 | |a 2264001410 | ||
| 035 | |l 10059701 | ||
| 040 | |a GR-MyUa |b gre |e AACR2 | ||
| 041 | 0 | |a fre | |
| 082 | 7 | |a 782.420944 |2 (22) | |
| 100 | 1 | |a Vian, Boris, |d 1920-1959. | |
| 245 | 1 | 0 | |a En avant la zizique... : |b et par ici les gros sous / |c Boris Vian. |
| 260 | |a Paris : |b Pauvert, |c 1966. | ||
| 300 | |a 185 σ. ; |c 18 εκ. | ||
| 650 | 0 | 0 | |a Songs, French |x History and criticism. |
| 650 | 0 | 0 | |a Music |z France |x History and criticism. |
| 852 | |a INST |b RHODES |e 20000404 |h 782.420944 VIA |p 005400008949 |q 005400008949 |t BK |y 0 | ||
| 922 | |a 4ΕΛΗ |b 198706 | ||
| 970 | |a ΚΟΥΛΑΚΙΟΤΗ |b ΛΙΤΣΑ |z 2000/04/04 | ||